Представление документа в формате RUSMARC

ПолеНазваниеЗначение
  Тип записи a
  Библиографический уровень m
001 Контрольный номер RU/REG73/CBS_GRAD/3b84ea7d4ba441aab9cc3d8f5181acd8
005 Дата корректировки 20230519165542.3
100 Данные общей обработки __
a Данные общей обработки 20230519d 0rusy0189## ca
101 Язык документа 0_
a Язык текста rus
102 Страна публикации __
a Страна публикации RU
200 Заглавие и сведения об ответственности 1_
a Заглавие Великий врачеватель (Авиценна)
f Первые сведения об ответственности Валерий Михайлович Воскобойников
210 Выходные данные 1_
a Место издания Москва
c Издательство Молодая гвардия
d Дата издания 1972
215 Физическое описание __
a Объем 208 с.: ил.
225 Серия 2_
a Серия Пионер - значит первый
686 Индексы других классификаций __
a Классификационный индекс
700 Автор _1
a Фамилия Воскобойников
b Имя (инициалы) Валерий Михайлович
801 Источник записи _0
a Страна RU
b Организация RuCBSGrad
c Дата составления 20230519
g Правила каталогизации RCR
801 Источник записи _1
a Страна RU
b Организация RuCBSGrad
c Дата составления 20230519
g Правила каталогизации RCR
901 Тип документа __
t Тип документа m